| 000 | 00497 a2200217 4500 | ||
|---|---|---|---|
| 260 | _bSIREY | ||
| 245 | _aLa Cassacition en matière civile, mise à jour au 31 décembre 1987 | ||
| 300 | _a113 p. | ||
| 260 | _aParis | ||
| 650 | _aDroit civil | ||
| 650 | _aProcédure civile | ||
| 260 | _c1988 | ||
| 300 | _b24 cm | ||
| 100 | _lFr | ||
| 630 | _aDroit, législation, administration | ||
| 650 | _aG | ||
| 100 | _aBORE, Jacques | ||
| 020 | _a2-248-00612-8 | ||
| 999 |
_c37294 _d37294 |
||